[Event "Bucharest Romgaz blitz op"]
[Site "Bucharest"]
[Date "2018.11.21"]
[Round "3"]
[White "Istratescu, Andrei"]
[Black "Vladescu, Florin George"]
[Result "1-0"]
[WhiteElo "2565"]
[BlackElo "2226"]
[PlyCount "75"]
[EventDate "2018.11.21"]
[EventType "swiss (blitz)"]
[EventRounds "11"]
[EventCountry "ROU"]
[SourceTitle "CBM 187 Extra"]
[Source "ChessBase"]
[SourceDate "2018.11.04"]
[SourceVersion "1"]
[SourceVersionDate "2018.11.04"]
[SourceQuality "1"]

1. d4 d5 2. c4 c6 3. Nf3 Nf6 4. Nc3 a6 5. c5 Bg4 6. Ne5 Bf5 7. Qb3 Ra7 8. f3 Nbd7 9. e4 Be6 10. Nxd7 Nxd7 11. exd5 cxd5 12. Bf4 Nf6 13. Be5 g6 14. Bxf6 exf6 15. f4 Bg7 16. g3 0-0 17. Bg2 f5 18. 0-0-0 b6 19. Bxd5 bxc5 20. Bxe6 fxe6 21. Qxe6+ Kh8 22. dxc5 Qa5 23. Qc4 Rc7 24. b4 Qa3+ 25. Kc2 a5 26. Qb3 axb4 27. Qxa3 bxa3 28. Rd5 Rfc8 29. Na4 Ra8 30. Nb6 Rb8 31. Rb1 Bb2 32. Nc4 Rbc8 33. Nxb2 axb2 34. Kxb2 Rxc5 35. Rxc5 Rxc5 36. a4 Kg7 37. Ra1 Ra5 38. Kb3 1-0

[Event "ROM-chT "]
[Site "Mamaia"]
[Date "2015.10.09"]
[Round "7.3"]
[White "Vladescu, Florin George"]
[Black "Itkis, Boris"]
[Result "0-1"]
[WhiteElo "2240"]
[BlackElo "2370"]
[PlyCount "94"]
[EventDate "2015.10.03"]
[EventType "team-tourn"]
[EventRounds "9"]
[EventCountry "ROU"]
[SourceTitle "CBM 168 Extra"]
[Source "ChessBase"]
[SourceDate "2015.10.29"]
[SourceVersion "1"]
[SourceVersionDate "2015.10.29"]
[SourceQuality "1"]
[WhiteTeam "Moreni Petrom"]
[BlackTeam "Techirghiol Victoria"]
[WhiteTeamCountry "ROU"]
[BlackTeamCountry "ROU"]

1. Nf3 d5 2. g3 c6 3. Bg2 Bg4 4. 0-0 Nd7 5. h3 Bh5 6. d4 e6 7. c4 Ngf6 8. Qb3 Qb6 9. Nc3 Be7 10. Re1 0-0 11. c5 Qxb3 12. axb3 Bg6 13. Bf4 Ne4 14. b4 a6 15. Nxe4 Bxe4 16. Nd2 Bxg2 17. Kxg2 g5 18. Be3 f5 19. Nb3 f4 20. gxf4 gxf4 21. Bd2 e5 22. dxe5 Nxe5 23. Bc3 Ng6 24. Nd4 Bf6 25. Nf3 Rae8 26. Rad1 Re4 27. Rd3 Kf7 28. Kf1 Rfe8 29. Nd2 R4e6 30. Nf3 R6e7 31. Rdd1 h6 32. Rd3 Re6 33. Rdd1 Ne7 34. Rd3 Nf5 35. Bxf6 Kxf6 36. Nd4 Nxd4 37. Rxd4 Kf5 38. Rd3 Re4 39. Rb3 Rc4 40. Kg2 Ree4 41. f3 Re3 42. Rxe3 fxe3 43. Rd1 Rxb4 44. Kg3 Rxb2 45. Rd4 Rxe2 46. Rf4+ Ke5 47. Rb4 d4 0-1

[Event "ROM-chT "]
[Site "Mamaia"]
[Date "2015.10.05"]
[Round "3.1"]
[White "Parligras, Mircea Emilian"]
[Black "Vladescu, Florin George"]
[Result "1-0"]
[WhiteElo "2586"]
[BlackElo "2240"]
[PlyCount "63"]
[EventDate "2015.10.03"]
[EventType "team-tourn"]
[EventRounds "9"]
[EventCountry "ROU"]
[SourceTitle "CBM 168 Extra"]
[Source "ChessBase"]
[SourceDate "2015.10.29"]
[SourceVersion "1"]
[SourceVersionDate "2015.10.29"]
[SourceQuality "1"]
[WhiteTeam "Timisoara Luxten"]
[BlackTeam "Moreni Petrom"]
[WhiteTeamCountry "ROU"]
[BlackTeamCountry "ROU"]

1. c4 Nf6 2. d4 g6 3. Nc3 Bg7 4. e4 d6 5. Nf3 0-0 6. h3 e5 7. d5 Nh5 8. g3 Na6 9. Be3 f5 10. exf5 gxf5 11. Ng5 Qe8 12. Be2 Nf6 13. Qd2 Qg6 14. 0-0-0 Bd7 15. f4 e4 16. g4 Nc5 17. Rhg1 Qe8 18. Rg3 Kh8 19. Rdg1 Rg8 20. gxf5 Bxf5 21. Bg4 Nd3+ 22. Kb1 Bg6 23. Ne6 Bh6 24. f5 Bxe3 25. Qxe3 Bf7 26. Nxc7 Qe5 27. Nxa8 Rxa8 28. Be2 Nf4 29. Rg7 Rf8 30. Qxa7 e3 31. Ka1 Qxf5 32. Rxf7 1-0

[Event "ROM-chT2"]
[Site "Calimanesti"]
[Date "2014.11.08"]
[Round "1.4"]
[White "Pit Rada, Mihail Cosmin"]
[Black "Vladescu, Florin George"]
[Result "0-1"]
[WhiteElo "2159"]
[BlackElo "2208"]
[PlyCount "67"]
[EventDate "2014.11.08"]
[EventType "team-tourn"]
[EventRounds "9"]
[EventCountry "ROU"]
[SourceTitle "CBM 163 Extra"]
[Source "ChessBase"]
[SourceDate "2014.12.23"]
[SourceVersion "1"]
[SourceVersionDate "2014.12.23"]
[SourceQuality "1"]
[WhiteTeam "Targoviste University"]
[BlackTeam "Moreni Petrom"]
[WhiteTeamCountry "ROU"]
[BlackTeamCountry "ROU"]

1. e4 e5 2. Nf3 Nf6 3. Nxe5 d6 4. Nf3 Nxe4 5. Nc3 Nf6 6. d4 d5 7. Bd3 Bg4 8. h3 Bh5 9. g4 Bg6 10. Ne5 Bb4 11. Bg5 0-0 12. 0-0 Nc6 13. Bxf6 gxf6 14. Nxc6 bxc6 15. Ne2 f5 16. Bxf5 Bxf5 17. gxf5 Qh4 18. Ng3 Kh8 19. Qg4 Qh6 20. Qh5 Qf6 21. c3 Bd6 22. Rae1 Rg8 23. Kg2 Rg5 24. Qf3 Rag8 25. Re3 Rxf5 26. Qe2 Rfg5 27. Re8 Qg6 28. Rxg8+ Kxg8 29. Qf3 h5 30. h4 Rg4 31. Re1 Rxh4 32. Re8+ Kh7 33. Qf5 Rh2+ 34. Kf3 0-1

[Event "Bucharest Romgaz op 2nd"]
[Site "Bucharest"]
[Date "2008.09.14"]
[Round "4"]
[White "Sterpu, Constanta Andreea"]
[Black "Vladescu, Florin George"]
[Result "1/2-1/2"]
[WhiteElo "2006"]
[BlackElo "2202"]
[PlyCount "167"]
[EventDate "2008.09.11"]
[EventType "swiss"]
[EventRounds "9"]
[EventCountry "ROU"]
[SourceTitle "CBM 126 Extra"]
[Source "ChessBase"]
[SourceDate "2008.11.05"]
[SourceVersion "1"]
[SourceVersionDate "2008.11.05"]
[SourceQuality "1"]

1. d4 Nf6 2. c4 g6 3. Nc3 Bg7 4. e4 0-0 5. Bg5 d6 6. Qd2 c6 7. f3 a6 8. a4 a5 9. Nge2 Na6 10. h4 e5 11. d5 Nb4 12. 0-0-0 Qb6 13. Be3 Qc7 14. Kb1 Nd7 15. Ng3 Nc5 16. dxc6 Nb3 17. Qxd6 Qxd6 18. Rxd6 bxc6 19. Be2 Be6 20. h5 Rfb8 21. hxg6 hxg6 22. Rdd1 Rb7 23. Rd6 Rab8 24. Rhd1 Nd4 25. Bg5 Nbc2 26. Rd8+ Rxd8 27. Bxd8 Na3+ 28. Ka2 Nxc4 29. Bxc4 Bxc4+ 30. Kb1 Bb3 31. Rh1 Bc2+ 32. Ka2 Ra7 33. Nf1 Ra8 34. Bb6 Ra6 35. Bc5 Bb3+ 36. Kb1 Bf8 37. Bxf8 Kxf8 38. Nd2 Be6 39. Rh8+ Ke7 40. Rb8 Kd6 41. g3 g5 42. Rg8 f6 43. Rg7 Ra8 44. Rh7 Rd8 45. Kc1 Rd7 46. Rh8 g4 47. fxg4 Rg7 48. Rh4 Kc5 49. Rh6 Rxg4 50. Rxf6 Rxg3 51. Rf1 Kb4 52. Rf8 Rg1+ 53. Rf1 Nb3+ 54. Kc2 Rg2 55. Ncb1 Kxa4 56. Rf8 Nd4+ 57. Kc1 Rg1+ 58. Rf1 Rxf1+ 59. Nxf1 Kb4 60. Ne3 a4 61. Nc2+ Kc4 62. Nd2+ Kd3 63. Nb4+ Ke3 64. Nb1 Bb3 65. Nc3 c5 66. Nbd5+ Kd3 67. Nb6 a3 68. Nd7 a2 69. Nxe5+ Ke3 70. Nxa2 Bxa2 71. Nd7 Ne6 72. e5 Kd4 73. Kd2 Bd5 74. Kc2 Bc6 75. Nb6 Bb5 76. Kb3 Kxe5 77. Kc3 Nf4 78. b4 Ne2+ 79. Kb3 Kd4 80. bxc5 Kxc5 81. Na4+ Kd4 82. Nb2 Nc3 83. Kc2 Ba6 84. Kb3 1/2-1/2

[Event "Bucharest Revolution Memorial"]
[Site "Bucharest"]
[Date "2003.12.??"]
[Round "?"]
[White "Christea, Ion Horia"]
[Black "Vladescu, Florin George"]
[Result "1-0"]
[WhiteElo "2238"]
[BlackElo "2208"]
[PlyCount "91"]
[EventDate "2003.12.??"]
[EventType "swiss"]
[EventRounds "7"]
[EventCountry "ROU"]
[SourceTitle "EXT 2008"]
[Source "ChessBase"]
[SourceDate "2007.11.25"]
[SourceVersion "1"]
[SourceVersionDate "2007.11.25"]
[SourceQuality "1"]

1. d4 Nf6 2. c4 g6 3. Nc3 Bg7 4. e4 d6 5. Be2 0-0 6. Nf3 e5 7. Be3 Na6 8. d5 Ng4 9. Bg5 f6 10. Bh4 h5 11. h3 Nh6 12. Qd2 Nf7 13. 0-0 g5 14. Bg3 h4 15. Bh2 Nh8 16. Ne1 Ng6 17. Nc2 Nf4 18. Ne3 Nxe2+ 19. Qxe2 Qe8 20. a3 Nc5 21. b4 Nb3 22. Rab1 Nd4 23. Qd3 Qg6 24. Nb5 Nxb5 25. cxb5 g4 26. hxg4 Bxg4 27. f3 Bd7 28. Rbc1 Rac8 29. Nf5 Bxf5 30. exf5 Qh5 31. Rc4 Bh6 32. Qe4 Kg7 33. f4 exf4 34. Bxf4 Rfe8 35. Bxh6+ Kxh6 36. Qd4 Kg7 37. Qf2 Re2 38. Rxh4 Rxf2 39. Rxh5 Rxf1+ 40. Kxf1 Re8 41. Rh3 Re5 42. Rc3 Re7 43. Kf2 Kh6 44. Rg3 Re5 45. Rg6+ Kh5 46. g4+ 1-0